| 000 | 00828nam a2200301Ia 4500 | ||
|---|---|---|---|
| 001 | dia_2913 | ||
| 003 | CHAP | ||
| 005 | 20251021152142.0 | ||
| 008 | 220601s9999 xx 000 0 und d | ||
| 020 | _a978-968-24-3881-3 | ||
| 040 | _cCHAP | ||
| 082 | _a621.01 G37 1990 | ||
| 100 |
_aGarcía-Colín Scherer, Leopoldo _946822 |
||
| 245 | _aIntroducción a la termodinámica clásica / Leopoldo García-Colín Scherer | ||
| 250 | _a4a ed. | ||
| 260 | _aMéxico : Trillas | ||
| 300 | _a335 p. | ||
| 503 | _aC/e | ||
| 504 | _aIncluye bibliografías | ||
| 590 | _aQC311 G37 1990 | ||
| 650 |
_a1. Termodinámica _9146979 |
||
| 650 | _aThermodynamics | ||
| 856 | _aÌ | ||
| 901 | _a621.01 G37 1990 | ||
| 902 | _aM | ||
| 905 | _a5232271990 mx Amn 8222223322spa16 | ||
| 942 |
_cLIBRO _2ddc |
||
| 999 |
_c209313 _d209313 |
||